Science - Chemistry | 4 | 5 | 0 | 2 | 110 | 37 | 86.67 | 6 | 9 |
History - European History | 3 | 4 | 1 | 1 | 80 | 39 | 83.29 | 4 | 7 |
Mythology | 1 | 7 | 2 | 0 | 75 | 69 | 91.50 | 5 | 8 |
History - Other History | 2 | 5 | 2 | 1 | 70 | 60 | 95.86 | 3 | 7 |
Literature - World Literature | 0 | 7 | 0 | 0 | 70 | 85 | 114.29 | 3 | 7 |
History - American History | 1 | 5 | 0 | 1 | 65 | 56 | 89.67 | 4 | 6 |
Fine Arts - Other Fine Arts | 0 | 6 | 0 | 1 | 60 | 94 | 121.33 | 3 | 6 |
Literature - European Literature | 0 | 6 | 0 | 1 | 60 | 90 | 131.83 | 1 | 6 |
Science - Biology | 1 | 4 | 0 | 1 | 55 | 55 | 87.00 | 2 | 5 |
History - World History | 1 | 5 | 2 | 3 | 55 | 37 | 114.00 | 2 | 6 |
Fine Arts - Auditory Fine Arts | 0 | 5 | 1 | 1 | 45 | 94 | 120.20 | 2 | 5 |
Fine Arts - Visual Fine Arts | 1 | 4 | 2 | 0 | 45 | 66 | 100.00 | 3 | 5 |
Literature - British Literature | 0 | 5 | 1 | 0 | 45 | 108 | 127.80 | 0 | 5 |
Literature - American Literature | 0 | 4 | 0 | 2 | 40 | 96 | 126.00 | 0 | 4 |
Social Science | 0 | 4 | 1 | 1 | 35 | 104 | 110.75 | 4 | 4 |
Philosophy | 0 | 4 | 2 | 0 | 30 | 78 | 112.00 | 1 | 4 |
Religion | 0 | 3 | 0 | 0 | 30 | 66 | 110.33 | 2 | 3 |
Science - Physics | 0 | 4 | 2 | 1 | 30 | 61 | 86.00 | 3 | 4 |
Science - Other Science | 1 | 1 | 0 | 0 | 25 | 48 | 80.00 | 1 | 2 |
Pop Culture | 0 | 2 | 0 | 1 | 20 | 137 | 138.50 | 0 | 2 |
Geography | 0 | 1 | 0 | 1 | 10 | 122 | 122.00 | 0 | 1 |